000 01264pam a2200349 a 4500
001 1670452
003 3-540-61185-1
005 20210812155347.0
008 980428s1998 ge a b 001 0 eng
010 _a 98022434
020 _a3540611851
038 _akhadija
040 _aDLC
_cDLC
_dDLC
041 1 _aeng
_hger
050 0 0 _aTS205
_b.H33413 1998
082 0 0 _a671
_221
_bSCH
100 _aSchuler GmbH.
_981501
130 0 _aHandbuch der Umformtechnik.
_lEnglish
_935937
245 1 0 _aMetal forming handbook /
_cSchuler GmbH.
260 _aBerlin ;
_aNew York :
_bSpringer-Verlag,
_cc1998.
300 _axx, 563 p. :
_bcol. ill. ;
_c24 cm.
500 _aHardcover.
504 _aIncludes bibliographical references and index.
563 _aHardcover
650 0 _aMetal-work.
_934700
710 2 _aSchuler GmbH.
_935938
856 4 2 _3Publisher description
_uhttp://www.loc.gov/catdir/enhancements/fy0815/98022434-d.html
856 4 1 _3Table of contents only
_uhttp://www.loc.gov/catdir/enhancements/fy0815/98022434-t.html
906 _a7
_bcbc
_corignew
_d1
_eocip
_f19
_gy-gencatlg
942 _2ddc
_cBK
_h671
999 _c31615
_d31615